000 00835cam a22002893a 4500
001 31327
003 PGUSA
005 20140828083658.0
008 100219s2010||||xxu|||||s|||||000 1 eng d
040 _aPGUSA
_beng
042 _adc
050 4 _aPS
100 1 _aMullen, Stanley,
_d1911-1974
245 1 0 _aMaster of the Moondog
_h[electronic resource] /
_cStanley Mullen
260 _bProject Gutenberg,
_c2010
506 _aPublic domain in the USA.
516 _aElectronic text
653 _aScience fiction
653 _aMan-woman relationships -- Fiction
653 _aMoon -- Fiction
653 _aPets -- Fiction
653 _aMines and mineral resources -- Fiction
700 1 _aFreas, Kelly,
_d1922-2005
830 0 _aProject Gutenberg
_v31327
856 4 0 _uhttp://www.gutenberg.org/ebooks/31327
942 _cEB
999 _c260582
_d260582